| 000 | 00572nam a2200205Ia 4500 | ||
|---|---|---|---|
| 003 | OSt | ||
| 005 | 20230503160459.0 | ||
| 008 | 210423s1970 xx 000 0 und d | ||
| 020 | _a42101561283 | ||
| 040 | _cAL | ||
| 041 | _aeng | ||
| 082 |
_a581 _223 _bTORG |
||
| 100 |
_aTORTORA (Gerard J);others. _997355 |
||
| 245 | _aPlant form and function: an introduction to plant science. | ||
| 260 |
_aNew York _bMacmillan India Ltd _c1970 |
||
| 300 |
_ax,566 _bPB |
||
| 365 | _cINR | ||
| 906 | _aan ; form ; function: ; introduction ; Plant ; science. | ||
| 942 |
_2ddc _cBK |
||
| 999 |
_c163529 _d163529 |
||